000 00665nam a2200241Ia 4500
003 OSt
005 20220918174232.0
006 a|||||r|||| 00| 0
007 ta
008 220917b |||||||| |||| 00| 0 eng d
024 _a11,225
037 _cTextual
040 _aARTS
_cARTS
_beng
041 _2eng
_aeng
082 _aMK:3, J4.1
100 _aHammond John Ed.
_949639
245 0 _aProgress in the physiology of farm animals
260 _aLondon
_bButterworths scientific publications
_c1954
300 _a392
_ccm.
650 _aINDUSTRIAL ARTS
942 _hMK:3, J4.1
_cTEXL
_2CC
999 _c152339
_d152339